FIFA World Cup Winning Players - Sudden Death - Statistics

General Stats
  • This quiz has been taken 162 times
  • The average score is 9 of 23
Answers on the Grid
Answers color-coded by a green-red scale on the quiz's grid according to % correct below.
Osvaldo Ardiles
Bobby Moore
Roberto Baggio
Garrincha
René Higuita
Diego Maradona
Johan Cruyff
Dunga
Ferenc Puskás
Paul Breitner
Zico
Alcides Ghiggia
Ronaldinho
Giuseppe Meazza
Lilian Thuram
Pelé
Andrés Iniesta
Zinédine Zidane
Paolo Maldini
Franz Beckenbauer
Kylian Mbappé
Téofilo Cubillas
Alfredo di Stéfano
Helmut Rahn
Michel Platini
Cristiano Ronaldo
Enzo Scifo
José Andrade
Silvio Piola
Luka Modrić
Kenny Dalglish
Francesco Totti
Karl-Heinz Rummenigge
Lionel Messi
Enzo Francescoli
Lev Yashin
Miroslav Klose
Stanley Matthews
Dino Zoff
Lothar Matthäus
 
Answer Stats
Answer % Correct
Diego Maradona
77%
Pelé
64%
Zinédine Zidane
59%
Andrés Iniesta
58%
Bobby Moore
58%
Kylian Mbappé
56%
Lionel Messi
51%
Ronaldinho
51%
Franz Beckenbauer
48%
Lilian Thuram
48%
Miroslav Klose
47%
Garrincha
46%
Dunga
45%
Lothar Matthäus
38%
Osvaldo Ardiles
35%
Paul Breitner
34%
Dino Zoff
29%
Francesco Totti
27%
Helmut Rahn
22%
Giuseppe Meazza
21%
Alcides Ghiggia
16%
José Andrade
8%
Silvio Piola
7%
No matching quizzes found
Score Distribution
Percent of People with Each Score
Percentile by Number Answered
Your Score History
You have not taken this quiz